Welcome to CU Library Online Public Access Catalogue (OPAC)

Understanding your health / (Record no. 2916)

MARC details
000 -LEADER
fixed length control field 00734cam a22002414a 4500
001 - CONTROL NUMBER
control field 13508181
005 - DATE AND TIME OF LATEST TRANSACTION
control field 20250123120405.0
008 - FIXED-LENGTH DATA ELEMENTS--GENERAL INFORMATION
fixed length control field 040302s2005 maua 001 0 eng
020 ## - INTERNATIONAL STANDARD BOOK NUMBER
International Standard Book Number 9780072844375
050 00 - LIBRARY OF CONGRESS CALL NUMBER
Classification number RA777.3
Item number .P39 2005
082 00 - DEWEY DECIMAL CLASSIFICATION NUMBER
Classification number 613/.0434
Edition information 22
100 1# - MAIN ENTRY--PERSONAL NAME
Personal name Payne, Wayne A.
245 10 - TITLE STATEMENT
Title Understanding your health /
Statement of responsibility, etc. Wayne A. Payne, Dale B. Hahn, Ellen Mauer.
250 ## - EDITION STATEMENT
Edition statement 8th ed.
260 ## - PUBLICATION, DISTRIBUTION, ETC.
Place of publication, distribution, etc. Boston :
Name of publisher, distributor, etc. McGraw-Hill,
Date of publication, distribution, etc. c2005.
300 ## - PHYSICAL DESCRIPTION
Extent 1 v. (various pagings) :
Other physical details col. ill. ;
Dimensions 28 cm. +
Accompanying material 1 CD-ROM (4 3/4 in.)
500 ## - GENERAL NOTE
General note Includes index.
650 #0 - SUBJECT ADDED ENTRY--TOPICAL TERM
Topical term or geographic name entry element Health.
650 #0 - SUBJECT ADDED ENTRY--TOPICAL TERM
Topical term or geographic name entry element College students
General subdivision Health and hygiene.
700 1# - ADDED ENTRY--PERSONAL NAME
Personal name Hahn, Dale B.
700 1# - ADDED ENTRY--PERSONAL NAME
Personal name Mauer, Ellen.
942 ## - ADDED ENTRY ELEMENTS (KOHA)
Source of classification or shelving scheme Library of Congress Classification
Koha item type Books
Edition 8th ed.
Suppress in OPAC No
999 ## -
-- 2916
-- 2916
Holdings
Withdrawn status Lost status Source of classification or shelving scheme Damaged status Not for loan Collection Home library Current library Shelving location Date acquired Total checkouts Full call number Barcode Date last seen Copy number Price effective from Koha item type
    Library of Congress Classification     Non-fiction Science Library (Miotso) Science Library (Miotso) General stacks 01/23/2025   RA777.3 .P39 PAY SLM00002308 01/23/2025 1 01/23/2025 Books
    Library of Congress Classification     Non-fiction Science Library (Miotso) Science Library (Miotso) General stacks 02/08/2025   RA777.3 .P39 PAY SLM00003261 02/08/2025 2 02/08/2025 Books
© 2023-2024 Copyright: Central University Libraries. All Rights Reserved | Created by: Mahone Tech Office